000 00821nam a22002297a 4500
005 20100809121352.0
010 _aENG-99111
020 _a9789380173863
_c100.00
035 _aEN-82643
037 _bDBAD/PUB
082 _a004.22
100 _aNeelasaraswathi, J.
_99201
245 _aMiddleware architecture /
_cby J. Neelasaraswathi
260 _aKoradacherry
_bAruma Publication
_c2009
270 _a35, Gandhi Colony
_bKoradacherry
_e613703
300 _a131p.:
_bill.
_c21cm (pbk)
500 _aIncludes bibliographical references
650 _aMiddle Ware
_99202
650 _aWireless Communication Systems
_99203
942 _2ddc
_cEN
_h004.22
_mNEE
999 _c40304
_d40304